Kremnické pohorie Vyhnatová (1283 m.), trasa Bielej stopy SNP : Zotavovňa ROH Hron : Biela stopa SNP

Zobrazenie: Na veľkom pohľade na zasnežené Kremnické vrchy sú dva menšie na zotavovňu ROH Hron v zime a účastníkov Bielej stopy na trase

Bibliographic Details
Other Authors: Zibrin, Zdeno (fotograf) (Photographer), Slivka, Dušan, 1944- (Photographer)
Format: Photo
Language:Slovak
PhysicalDescription:1 pohľadnica (3 čiastkové pohľady) farebná 11 x 15 cm
Published: Bratislava ČSTK-Pressfoto 1988
Subjects:

MARC

LEADER 00000ckm a2200000 a 4500
001 vtls001204781
003 SK-MaSNL
005 20260331202852.0
007 kf co
008 230718s1988 xo g 0kuslo
015 |a SNBG1988 
035 |a SNK000147851 
035 |a urn:nbn:sk:snk-km3lwnv 
035 |a D8CD3C9B-A64A-4C11-A21C-4B5E7C7D360B 
035 |a urn:nbn:sk:snk-km00dr0o 
040 |a SNK  |b slo  |c SNK  |e AACR2 
041 0 |a slo 
043 |a e-xo--- 
044 |a xo  |c SK 
072 7 |a 908(437)  |x Vlastiveda Česka a Slovenska  |2 konspekt 
080 |a 908(437.6)  |2 2011 
080 |a (084.121)  |2 2011 
080 |a 551.4.035  |2 2011 
080 |a 614.214  |2 2011 
100 1 |a Zibrin, Zdeno  |c (fotograf)  |4 pht  |9 283305 
245 1 0 |a Kremnické pohorie  |h grafika  |b Vyhnatová (1283 m.), trasa Bielej stopy SNP : Zotavovňa ROH Hron : Biela stopa SNP  |c foto: Z. Zibrin, D. Slivka ; výtvarný návrh: Ľ. Rázusová 
246 3 0 |a Vyhnatová (1283 m.), trasa Bielej stopy SNP 
246 3 0 |a Biela stopa SNP 
246 1 |i Názov na obrazovej časti:  |a Kremnické pohorie 
260 |a Bratislava  |b ČSTK-Pressfoto  |c 1988  |e Skalica  |f Grafobal 
300 |a 1 pohľadnica (3 čiastkové pohľady)  |b farebná  |c 11 x 15 cm 
520 8 |a Zobrazenie: Na veľkom pohľade na zasnežené Kremnické vrchy sú dva menšie na zotavovňu ROH Hron v zime a účastníkov Bielej stopy na trase 
611 1 7 |a Biela stopa  |n (17. :  |d 1988 :  |c Kremnica, Slovensko)  |2 SNKPH  |9 432550 
650 0 7 |a pohoria  |2 SNKPH  |9 44054 
650 0 7 |a zotavovne  |2 SNKPH  |9 161874 
651 7 |a Kremnické vrchy (Slovensko : pohorie)  |2 SNKPHgeo  |9 19876 
651 7 |a Vyhnatová (Kremnické vrchy, Slovensko : vrch)  |2 SNKPHgeo  |9 178194 
655 7 |a geografické pohľadnice  |2 SNKPH  |9 70522 
700 1 |a Slivka, Dušan,  |d 1944-  |4 pht  |9 249825 
700 1 |a Rázusová, Ľubica  |c (grafička)  |4 art  |9 283298 
852 |a Slovenská národná knižnica 
954 |a pohľadnice pôvodné (slovenské)  |2 lita 
958 |a GBN 
958 |a TL 
958 |a GC 
958 |a OND 
958 |a EUIPO 
999 |c 697739  |d 699669 
952 |a SNK  |b SNK  |y PREZ  |7 0  |p 17A1294573  |o snkSP 141683  |i snk853/90  |0 0  |1 0  |4 0  |d 2018-10-15  |f 1  |l 0  |r 2026-02-23 20:47:19  |w 2026-02-23 
952 |a SNK  |b SNK  |y PREZ  |7 0  |p 17A1294236  |o snkSP 141683 D1  |i snk854/90  |0 0  |1 0  |4 0  |d 2018-10-15  |l 0  |r 2026-02-23 20:47:19  |w 2026-02-23